[Event "GER-ch U12"]
[Site "Oberhof"]
[Date "2013.05.24"]
[Round "9"]
[White "Schnabel, Bennett"]
[Black "Reimers, Kim"]
[Result "1/2-1/2"]
[WhiteElo "1708"]
[BlackElo "1603"]
[PlyCount "67"]
[EventDate "2013.05.19"]
[EventType "swiss"]
[EventRounds "11"]
[EventCountry "GER"]
[SourceTitle "CBM 154 Extra"]
[Source "ChessBase"]
[SourceDate "2013.06.25"]
[SourceVersion "2"]
[SourceVersionDate "2013.06.25"]
[SourceQuality "1"]

1. d4 d5 2. Nf3 e6 3. e3 Nf6 4. Bd3 Nbd7 5. 0-0 a6 6. Nbd2 Be7 7. c3 0-0 8. e4 dxe4 9. Nxe4 b5 10. Nxf6+ Nxf6 11. Bg5 Bb7 12. Re1 h6 13. Bh4 Rc8 14. Qe2 Nd5 15. Bxe7 Qxe7 16. Qe4 g6 17. Qh4 Qxh4 18. Nxh4 c5 19. dxc5 Rxc5 20. Be4 Rfc8 21. Nf3 Ba8 22. Rad1 Rc4 23. Nd2 R4c7 24. Nb3 Rd7 25. h3 Rcc7 26. g3 Kg7 27. f4 Nb6 28. Bxa8 Nxa8 29. Rd4 Nb6 30. Kf2 Rxd4 31. Nxd4 Nc4 32. Rxe6 Nxb2 33. Rxa6 Nd1+ 34. Kf3 1/2-1/2

[Event "GER-ch U12"]
[Site "Oberhof"]
[Date "2013.05.20"]
[Round "4"]
[White "Reimers, Kim"]
[Black "Steffens, Oliver"]
[Result "1-0"]
[WhiteElo "1603"]
[BlackElo "1432"]
[PlyCount "45"]
[EventDate "2013.05.19"]
[EventType "swiss"]
[EventRounds "11"]
[EventCountry "GER"]
[SourceTitle "CBM 154 Extra"]
[Source "ChessBase"]
[SourceDate "2013.06.25"]
[SourceVersion "2"]
[SourceVersionDate "2013.06.25"]
[SourceQuality "1"]

1. e4 c5 2. d4 cxd4 3. c3 Nf6 4. e5 Nd5 5. cxd4 Nc6 6. Bc4 Nb6 7. Bb3 e6 8. Nf3 d6 9. 0-0 Be7 10. Nc3 0-0 11. Qe2 d5 12. a3 Bd7 13. Qd3 Re8 14. Bc2 g6 15. Qe3 Bf8 16. Ng5 h6 17. Nh3 Qh4 18. Ne2 Nc4 19. Qd3 Ne7 20. Nef4 Bb5 21. Qb3 Bc6 22. g3 Na5 23. Qf3 1-0

[Event "GER-ch U12"]
[Site "Oberhof"]
[Date "2013.05.20"]
[Round "3"]
[White "Wurst, Maximilian"]
[Black "Reimers, Kim"]
[Result "1/2-1/2"]
[WhiteElo "1332"]
[BlackElo "1603"]
[PlyCount "123"]
[EventDate "2013.05.19"]
[EventType "swiss"]
[EventRounds "11"]
[EventCountry "GER"]
[SourceTitle "CBM 154 Extra"]
[Source "ChessBase"]
[SourceDate "2013.06.25"]
[SourceVersion "2"]
[SourceVersionDate "2013.06.25"]
[SourceQuality "1"]

1. e4 e6 2. d4 d5 3. e5 c5 4. c3 Nc6 5. Nf3 Qb6 6. a3 Bd7 7. b4 cxd4 8. cxd4 Nge7 9. Be3 Nf5 10. Nc3 a5 11. b5 Na7 12. a4 Bb4 13. Rc1 Rc8 14. Qd3 Nxe3 15. fxe3 Qc7 16. Kd2 0-0 17. Be2 f6 18. h4 Be8 19. h5 Bxc3+ 20. Rxc3 Qxc3+ 21. Qxc3 Rxc3 22. Kxc3 Nc8 23. g4 Nb6 24. Kb3 fxe5 25. dxe5 Bd7 26. Nd4 Rf2 27. Rc1 Na8 28. Bf3 Nb6 29. Be2 Rf8 30. Rc7 Rb8 31. Bd3 h6 32. Be2 Kf8 33. Bd3 Ke7 34. Be2 Na8 35. Rc1 Re8 36. Rf1 Bc8 37. Nf3 Nb6 38. g5 hxg5 39. Nxg5 Rf8 40. Nf3 Rf5 41. Rg1 Kf8 42. Rg5 Nd7 43. Rxf5+ exf5 44. Bd3 Nc5+ 45. Kc2 Nxa4 46. Nd4 Nc5 47. Bxf5 Bxf5+ 48. Nxf5 Kf7 49. e6+ Nxe6 50. Nd6+ Ke7 51. Nxb7 Nc7 52. b6 Na8 53. Nxa5 Nxb6 54. Kd3 Ke6 55. e4 Kf6 56. exd5 Nxd5 57. Ke4 Kg5 58. Kxd5 Kxh5 59. Ke5 g5 60. Nc4 g4 61. Ne3 g3 62. Kf4 1/2-1/2

[Event "GER-ch U12"]
[Site "Oberhof"]
[Date "2013.05.19"]
[Round "2"]
[White "Reimers, Kim"]
[Black "Fieberg, Samuel"]
[Result "0-1"]
[WhiteElo "1603"]
[BlackElo "1900"]
[PlyCount "50"]
[EventDate "2013.05.19"]
[EventType "swiss"]
[EventRounds "11"]
[EventCountry "GER"]
[SourceTitle "CBM 154 Extra"]
[Source "ChessBase"]
[SourceDate "2013.06.25"]
[SourceVersion "2"]
[SourceVersionDate "2013.06.25"]
[SourceQuality "1"]

1. e4 c5 2. d4 cxd4 3. c3 Nf6 4. e5 Nd5 5. cxd4 Nc6 6. Bc4 Nb6 7. Bb3 d6 8. exd6 Qxd6 9. Nf3 Bf5 10. Nc3 e6 11. 0-0 Be7 12. d5 exd5 13. Nxd5 Nxd5 14. Qxd5 Qg6 15. Ne5 Nxe5 16. Qxe5 Be4 17. Ba4+ Kf8 18. f3 Bc6 19. Re1 Bb4 20. Bxc6 Bxe1 21. Bxb7 Qb6+ 22. Be3 Qxb7 23. Rxe1 Qd7 24. Bc5+ Kg8 25. Bxa7 Qxa7+ 0-1

[Event "Vellmar op-B 4th"]
[Site "Vellmar"]
[Date "2012.07.29"]
[Round "7"]
[White "Reimers, Kim"]
[Black "Bauch, Frank"]
[Result "0-1"]
[WhiteElo "1577"]
[BlackElo "1955"]
[PlyCount "61"]
[EventDate "2012.07.26"]
[EventType "swiss"]
[EventRounds "7"]
[EventCountry "GER"]
[SourceTitle "EXT 2015"]
[Source "ChessBase"]
[SourceDate "2014.11.20"]
[SourceVersion "1"]
[SourceVersionDate "2014.11.20"]
[SourceQuality "1"]

1. e4 c6 2. d4 d5 3. exd5 Qxd5 4. Nf3 Nf6 5. c4 Qd8 6. Bd3 Bg4 7. Be3 e6 8. Nc3 Nbd7 9. a3 Be7 10. 0-0 0-0 11. Qc2 Bxf3 12. gxf3 Qc7 13. f4 g6 14. Kh1 Nh5 15. f5 exf5 16. Bh6 Rfe8 17. Bxf5 Bf8 18. Bxf8 Nxf8 19. Bd3 Qf4 20. Be2 Nf6 21. Rad1 Ne6 22. Qd2 Qh4 23. f4 Ng4 24. Bxg4 Qxg4 25. f5 Ng5 26. Rf4 Qh3 27. Rdf1 Re3 28. Nd1 Rf3 29. R4xf3 Nxf3 30. Qf2 Nxh2 31. Qxh2 0-1

[Event "Vellmar op-B 4th"]
[Site "Vellmar"]
[Date "2012.07.27"]
[Round "2"]
[White "Wagner, Andreas"]
[Black "Reimers, Kim"]
[Result "0-1"]
[WhiteElo "1930"]
[BlackElo "1577"]
[PlyCount "80"]
[EventDate "2012.07.26"]
[EventType "swiss"]
[EventRounds "7"]
[EventCountry "GER"]
[SourceTitle "EXT 2015"]
[Source "ChessBase"]
[SourceDate "2014.11.20"]
[SourceVersion "1"]
[SourceVersionDate "2014.11.20"]
[SourceQuality "1"]

1. e4 e6 2. d4 d5 3. exd5 exd5 4. Bd3 Bd6 5. Ne2 Ne7 6. Bf4 0-0 7. 0-0 Bf5 8. Bxd6 Qxd6 9. Ng3 Bxd3 10. Qxd3 Re8 11. Nd2 Nec6 12. Rae1 Nd7 13. c3 Nf6 14. Qf3 Re6 15. Nf5 Qd7 16. Re3 Rxe3 17. Nxe3 Re8 18. g4 h6 19. h4 Qe6 20. g5 Ne4 21. Nxe4 dxe4 22. Qg3 hxg5 23. d5 gxh4 24. dxe6 hxg3 25. exf7+ Kxf7 26. fxg3+ Kg6 27. Rf4 Ne5 28. Kg2 Nd3 29. Rg4+ Kf7 30. b4 g6 31. Rh4 Kg7 32. Rg4 b5 33. Nf5+ Kf6 34. Ne3 g5 35. Kf1 c6 36. a3 Nb2 37. Kg2 Nc4 38. Nf1 e3 39. Rd4 e2 40. Nd2 e1Q 0-1

[Event "GER-ch U12"]
[Site "Oberhof"]
[Date "2012.05.28"]
[Round "3"]
[White "Urban, Konstantin"]
[Black "Reimers, Kim"]
[Result "1-0"]
[WhiteElo "1760"]
[BlackElo "1473"]
[PlyCount "75"]
[EventDate "2012.05.27"]
[EventType "swiss"]
[EventRounds "11"]
[EventCountry "GER"]
[SourceTitle "CBM 148 Extra"]
[Source "ChessBase"]
[SourceDate "2012.06.22"]
[SourceVersion "1"]
[SourceVersionDate "2012.06.22"]
[SourceQuality "1"]

1. e4 e6 2. d4 d5 3. Nd2 Nf6 4. e5 Nfd7 5. Bd3 c5 6. c3 Nc6 7. Ne2 Qb6 8. Nf3 Be7 9. 0-0 a6 10. b3 Qa7 11. a3 Rb8 12. Be3 b6 13. Bf4 b5 14. b4 cxb4 15. axb4 Bb7 16. Bxb5 Qb6 17. Bd3 Na7 18. Nd2 Nb5 19. Be3 Rc8 20. Qb3 Na7 21. f4 Rc7 22. Rf3 g6 23. Kh1 Nb8 24. Rff1 Kd7 25. Qb2 Rhc8 26. Nb3 Ke8 27. Nc5 Bxc5 28. dxc5 Qc6 29. Nd4 Qd7 30. g4 Nb5 31. Nxb5 axb5 32. Bd4 Nc6 33. Ra3 Nb8 34. f5 Na6 35. fxe6 Qxe6 36. Bxb5+ Ke7 37. h3 Nb8 38. Rf6 1-0

[Event "GER-ch U10"]
[Site "Oberhof"]
[Date "2011.06.17"]
[Round "9"]
[White "Reimers, Kim"]
[Black "Pajeken, Jakob Leon"]
[Result "0-1"]
[WhiteElo "1386"]
[BlackElo "915"]
[PlyCount "110"]
[EventDate "2011.06.11"]
[EventType "swiss"]
[EventRounds "11"]
[EventCountry "GER"]
[SourceTitle "CBM 142 Extra"]
[Source "ChessBase"]
[SourceDate "2011.06.27"]
[SourceVersion "1"]
[SourceVersionDate "2011.06.27"]
[SourceQuality "1"]

1. e4 e5 2. Nf3 Nf6 3. Nc3 Nc6 4. Bb5 Bd6 5. 0-0 0-0 6. d3 h6 7. Be3 Re8 8. Qd2 Bf8 9. h3 d5 10. exd5 Nxd5 11. Nxd5 Qxd5 12. Bc4 Qd8 13. Rae1 Qf6 14. c3 Qg6 15. Kh1 Qh5 16. Nh2 b6 17. f4 Bb7 18. fxe5 Nxe5 19. Bb3 Ba6 20. Bc2 Bd6 21. Rf2 Ng6 22. b3 Bg3 23. Bd1 Qd5 24. Bf3 Qxd3 25. Qxd3 Bxd3 26. Bxa8 Bxf2 27. Bxf2 Rxa8 28. Rd1 Bf5 29. Kg1 Kf8 30. Re1 Re8 31. Rxe8+ Kxe8 32. Kf1 Kd7 33. Ke2 Ke6 34. Bg3 c6 35. Nf3 Bb1 36. a3 Ba2 37. Kd3 Bxb3 38. Nd4+ Kd5 39. Nxb3 b5 40. Nd2 a6 41. Bc7 Nh4 42. g3 Ng6 43. Ke3 f5 44. Kf3 Ne7 45. h4 Ke6 46. Ke3 Nd5+ 47. Kd4 Nxc7 48. Kc5 Kd7 49. Nf3 Nd5 50. Nd4 Nxc3 51. Nxf5 Nb1 52. Nxg7 Kc7 53. Nf5 a5 54. Nxh6 Nd2 55. g4 Nb3# 0-1

[Event "GER-ch U10"]
[Site "Oberhof"]
[Date "2011.06.15"]
[Round "7"]
[White "Reimers, Kim"]
[Black "Rockmann, Jan Okke"]
[Result "0-1"]
[WhiteElo "1386"]
[BlackElo "1294"]
[PlyCount "82"]
[EventDate "2011.06.11"]
[EventType "swiss"]
[EventRounds "11"]
[EventCountry "GER"]
[SourceTitle "CBM 142 Extra"]
[Source "ChessBase"]
[SourceDate "2011.06.27"]
[SourceVersion "1"]
[SourceVersionDate "2011.06.27"]
[SourceQuality "1"]

1. e4 c5 2. d4 cxd4 3. c3 dxc3 4. Nxc3 Nc6 5. Nf3 e6 6. Bc4 a6 7. 0-0 Bc5 8. Qe2 h6 9. Rd1 d6 10. Bf4 Nge7 11. Rac1 Ng6 12. Bg3 0-0 13. a3 b5 14. Ba2 e5 15. b4 Nd4 16. Qd3 Bb6 17. Nd5 Ba7 18. Nc7 Rb8 19. h3 Kh8 20. Nxd4 Bxd4 21. Kh1 Rb7 22. Nd5 f5 23. f4 fxe4 24. Qxe4 Bf5 25. Qe2 Re8 26. Qh5 Rf8 27. fxe5 dxe5 28. Ne3 Qg5 29. Qxg5 hxg5 30. Nxf5 Rxf5 31. Bd5 Ra7 32. Be4 Rf6 33. Bxg6 Rxg6 34. Rc8+ Kh7 35. Re8 Rd6 36. Re1 g4 37. hxg4 Rh6+ 38. Bh2 a5 39. Rb8 axb4 40. axb4 Bc3 41. Re3 Ra1+ 0-1

[Event "Lippe Cup-B 07th"]
[Site "Lieme"]
[Date "2010.10.16"]
[Round "2"]
[White "Reimers, Kim"]
[Black "Rehbein, Ulrich"]
[Result "1/2-1/2"]
[WhiteElo "1188"]
[BlackElo "1628"]
[PlyCount "159"]
[EventDate "2010.10.15"]
[EventType "swiss"]
[EventRounds "5"]
[EventCountry "GER"]
[SourceTitle "EXT 2012"]
[Source "ChessBase"]
[SourceDate "2011.11.24"]
[SourceVersion "1"]
[SourceVersionDate "2011.11.24"]
[SourceQuality "1"]

1. e4 g6 2. d4 Bg7 3. Nf3 d6 4. Bf4 Nf6 5. Nc3 0-0 6. Bc4 c6 7. 0-0 Nxe4 8. Nxe4 d5 9. Bxd5 cxd5 10. Nc3 Nc6 11. Re1 Bg4 12. Ne2 Bxf3 13. gxf3 Rc8 14. c3 e5 15. dxe5 Nxe5 16. Nd4 Nc6 17. Ne2 Re8 18. Bg3 Qa5 19. Nf4 d4 20. Rxe8+ Rxe8 21. cxd4 Nxd4 22. Nd3 Qd5 23. Kg2 Rc8 24. Rc1 Rxc1 25. Nxc1 Qe6 26. Qa4 a6 27. Qb4 Qc6 28. Qc3 Qd7 29. Qd3 Qe7 30. Qe3 Qxe3 31. fxe3 Nf5 32. Nd3 Nxe3+ 33. Kf2 Nd1+ 34. Ke2 Nxb2 35. Nc5 Bd4 36. Nxb7 Kg7 37. Nd6 f5 38. Nb7 Kf6 39. Na5 Bc3 40. Nb3 Be5 41. f4 Bc3 42. Bh4+ Kf7 43. Nc5 a5 44. Nb3 Ke6 45. Nd2 Bxd2 46. Kxd2 Kd5 47. Kc2 Nc4 48. Kd3 a4 49. Bf6 Nd6 50. h4 Ne4 51. Bd4 h6 52. Be3 Nd6 53. Bd4 Nf7 54. Bg7 g5 55. hxg5 hxg5 56. fxg5 Nxg5 57. Bh6 Ne6 58. Kc3 Kc5 59. Be3+ Kb5 60. a3 f4 61. Bf2 Ng5 62. Kd3 Nh3 63. Bh4 f3 64. Ke3 Kc4 65. Be7 f2 66. Ke2 Kd4 67. Bh4 Kc4 68. Be7 Kb3 69. Bd6 Kc2 70. Bb4 Nf4+ 71. Kf1 Nd3 72. Bf8 Kc3 73. Ke2 Nb2 74. Kxf2 Nc4 75. Ke2 Kb3 76. Kd3 Nb2+ 77. Kd2 Nc4+ 78. Kd3 Ne5+ 79. Kd4 Nc4 80. Kd3 1/2-1/2

[Event "GER-ch U10"]
[Site "Oberhof"]
[Date "2010.05.26"]
[Round "7"]
[White "Pallas, Sebastian"]
[Black "Reimers, Kim"]
[Result "1-0"]
[WhiteElo "1560"]
[BlackElo "1192"]
[PlyCount "119"]
[EventDate "2010.05.22"]
[EventType "swiss"]
[EventRounds "11"]
[EventCountry "GER"]
[SourceTitle "CBM 136 Extra"]
[Source "ChessBase"]
[SourceDate "2010.07.02"]
[SourceVersion "2"]
[SourceVersionDate "2010.07.15"]
[SourceQuality "1"]

1. e4 e6 2. d4 d5 3. Nd2 c5 4. exd5 exd5 5. Bb5+ Nc6 6. Ngf3 Nf6 7. 0-0 Be7 8. dxc5 Bxc5 9. Nb3 Bd6 10. Re1+ Be6 11. Nbd4 Qd7 12. Ng5 a6 13. Bxc6 bxc6 14. Ndxe6 fxe6 15. Nxe6 Ne4 16. Ng5 Be7 17. Nxe4 dxe4 18. Qxd7+ Kxd7 19. Rxe4 Rhf8 20. Be3 Rab8 21. Rd1+ Ke8 22. Bc5 Rf7 23. Rde1 Rb7 24. Rxe7+ Rfxe7 25. Rxe7+ Rxe7 26. Bxe7 Kxe7 27. Kf1 Kd6 28. Ke2 Ke5 29. Ke3 g6 30. Kd3 Kd5 31. Kc3 Kc5 32. g4 g5 33. b4+ Kd5 34. Kd3 Ke5 35. Kc4 Kf4 36. Kc5 Kxg4 37. Kxc6 Kh3 38. Kb6 Kxh2 39. Kxa6 h5 40. b5 h4 41. b6 h3 42. b7 Kg2 43. b8Q h2 44. Qg3+ Kh1 45. f3 g4 46. Qxh2+ Kxh2 47. fxg4 Kg2 48. Kb5 Kf3 49. g5 Ke2 50. Kc4 Ke3 51. Kd5 Kf4 52. g6 Ke3 53. g7 Kf4 54. g8Q Ke3 55. Qg3+ Kd2 56. Kc4 Ke2 57. Kd4 Kd2 58. Qh2+ Ke1 59. Ke3 Kd1 60. Qd2# 1-0

[Event "GER-ch U10"]
[Site "Oberhof"]
[Date "2010.05.26"]
[Round "6"]
[White "Reimers, Kim"]
[Black "Kololli, Kevin"]
[Result "1-0"]
[WhiteElo "1192"]
[BlackElo "1323"]
[PlyCount "35"]
[EventDate "2010.05.22"]
[EventType "swiss"]
[EventRounds "11"]
[EventCountry "GER"]
[SourceTitle "CBM 136 Extra"]
[Source "ChessBase"]
[SourceDate "2010.07.02"]
[SourceVersion "2"]
[SourceVersionDate "2010.07.15"]
[SourceQuality "1"]

1. e4 e5 2. Nf3 Nc6 3. d4 exd4 4. Nxd4 Qh4 5. Nc3 Bb4 6. Qd3 Nf6 7. Bd2 Bxc3 8. Bxc3 Ne5 9. Qe3 Qxe4 10. Nb5 Qxe3+ 11. fxe3 Nd5 12. Bxe5 Nxe3 13. Kd2 Nxf1+ 14. Rhxf1 f6 15. Bg3 Kd8 16. Nxc7 Rb8 17. Ne6+ dxe6 18. Bxb8 1-0

[Event "GER-ch U10"]
[Site "Oberhof"]
[Date "2010.05.24"]
[Round "3"]
[White "Peter, Anton"]
[Black "Reimers, Kim"]
[Result "1-0"]
[WhiteElo "1499"]
[BlackElo "1192"]
[PlyCount "63"]
[EventDate "2010.05.22"]
[EventType "swiss"]
[EventRounds "11"]
[EventCountry "GER"]
[SourceTitle "CBM 136 Extra"]
[Source "ChessBase"]
[SourceDate "2010.07.02"]
[SourceVersion "2"]
[SourceVersionDate "2010.07.15"]
[SourceQuality "1"]

1. e4 e6 2. d4 d5 3. e5 c5 4. c3 Nc6 5. Nf3 Qb6 6. Bd3 Bd7 7. Bc2 Nge7 8. dxc5 Qxc5 9. 0-0 Ng6 10. Be3 Qb5 11. Bxg6 hxg6 12. Qc2 Bc5 13. Bxc5 Qxc5 14. Nbd2 0-0 15. Nb3 Qb6 16. Nbd4 Rac8 17. Qb3 Qc7 18. Rfe1 Na5 19. Qc2 Nc4 20. Nb3 Ba4 21. Rab1 Qb8 22. Qd3 Bb5 23. Qd4 Rc7 24. Ng5 Re8 25. Qh4 Kf8 26. Qh8+ Ke7 27. Qxg7 Rf8 28. Nd4 Bd7 29. Ndf3 b6 30. Nh4 Rfc8 31. Nxg6+ Kd8 32. Nxf7+ 1-0

[Event "GER-ch U10"]
[Site "Oberhof"]
[Date "2010.05.23"]
[Round "1"]
[White "Gressmann, Moritz"]
[Black "Reimers, Kim"]
[Result "1-0"]
[WhiteElo "1600"]
[BlackElo "1192"]
[PlyCount "73"]
[EventDate "2010.05.22"]
[EventType "swiss"]
[EventRounds "11"]
[EventCountry "GER"]
[SourceTitle "CBM 136 Extra"]
[Source "ChessBase"]
[SourceDate "2010.07.02"]
[SourceVersion "2"]
[SourceVersionDate "2010.07.15"]
[SourceQuality "1"]

1. Nf3 g6 2. e4 Bg7 3. d4 d6 4. c3 f5 5. exf5 Bxf5 6. Bd3 Bxd3 7. Qxd3 Nd7 8. 0-0 Ngf6 9. Ng5 Nf8 10. Qb5+ Qd7 11. Qxb7 Qc8 12. Qc6+ N6d7 13. Qd5 Kd8 14. Nf7+ Ke8 15. Nxh8 Bxh8 16. Bg5 e6 17. Qf3 Rb8 18. Qe2 Nb6 19. Bh6 Nbd7 20. Na3 Qb7 21. Rab1 Bf6 22. Bxf8 Nxf8 23. Qf3 Qxf3 24. gxf3 Kd7 25. f4 Kc6 26. Nc2 Nd7 27. Nb4+ Kb7 28. Rfe1 Nf8 29. d5 Re8 30. dxe6 Nxe6 31. Nd5 Bg7 32. Re3 Kc8 33. Rbe1 Kd7 34. f5 gxf5 35. Nf4 Bh6 36. Rxe6 Rxe6 37. Nxe6 1-0

[Event "GER-ch U10"]
[Site "Willingen"]
[Date "2009.06.06"]
[Round "11"]
[White "Reyher, Susan"]
[Black "Reimers, Kim"]
[Result "0-1"]
[WhiteElo "1004"]
[BlackElo "901"]
[PlyCount "80"]
[EventDate "2009.05.30"]
[EventType "swiss"]
[EventRounds "11"]
[EventCountry "GER"]
[SourceTitle "EXT 2010"]
[Source "ChessBase"]
[SourceDate "2010.11.25"]
[SourceVersion "1"]
[SourceVersionDate "2010.11.25"]
[SourceQuality "1"]

1. e4 c6 2. Nf3 d5 3. e5 Bf5 4. d4 e6 5. Bf4 Nd7 6. Nc3 c5 7. Be2 c4 8. Qd2 Bb4 9. 0-0 Ne7 10. a3 Ba5 11. b4 Bc7 12. Nb5 0-0 13. Bg5 Re8 14. Nd6 Rf8 15. Nxb7 Qb8 16. Nc5 Qd8 17. Na6 Bb6 18. a4 Re8 19. a5 Bc7 20. Nc5 h6 21. Nb7 Qb8 22. Nd6 Bxd6 23. exd6 Qxd6 24. Bf4 Qc6 25. Ne5 Nxe5 26. Bxe5 f6 27. Bg3 g5 28. Bh5 Ng6 29. b5 Qxb5 30. Rab1 Qc6 31. Be2 e5 32. dxe5 Nxe5 33. Rfd1 Rac8 34. Bh5 Re6 35. f4 Ng6 36. Rf1 Rce8 37. Bxg6 Bxg6 38. f5 Re2 39. Qc3 d4 40. Qxd4 Qxg2# 0-1

[Event "GER-ch U10"]
[Site "Willingen"]
[Date "2009.06.03"]
[Round "6"]
[White "Reimers, Kim"]
[Black "Lohmueller, Gedeon"]
[Result "1-0"]
[WhiteElo "901"]
[BlackElo "1015"]
[PlyCount "153"]
[EventDate "2009.05.30"]
[EventType "swiss"]
[EventRounds "11"]
[EventCountry "GER"]
[SourceTitle "EXT 2010"]
[Source "ChessBase"]
[SourceDate "2010.11.25"]
[SourceVersion "1"]
[SourceVersionDate "2010.11.25"]
[SourceQuality "1"]

1. e4 e5 2. Nf3 Nc6 3. d4 exd4 4. Nxd4 Nxd4 5. Qxd4 Nf6 6. Bc4 b6 7. 0-0 Bc5 8. Qd3 Bb7 9. Nc3 0-0 10. Bg5 h6 11. Bh4 Re8 12. Rae1 Bd6 13. f4 Bc5+ 14. Kh1 d6 15. a3 b5 16. Bxb5 Re7 17. b4 Bb6 18. a4 a6 19. Bc4 a5 20. b5 Qd7 21. Qg3 Kf8 22. Qd3 Rae8 23. Bd5 Qc8 24. Re2 c6 25. bxc6 Bxc6 26. Bxc6 Qxc6 27. Nd5 Rb7 28. Nxf6 gxf6 29. Bxf6 Reb8 30. Qg3 Qc4 31. Qg7+ Ke8 32. Qg8+ Kd7 33. Qg4+ Kc6 34. Qf3 Kc7 35. Qc3 Qxc3 36. Bxc3 Bc5 37. Bxa5+ Kc8 38. Bc3 Bb4 39. Bg7 h5 40. c3 Bc5 41. Bd4 Bxd4 42. cxd4 Rb1 43. Ree1 R1b4 44. Rc1+ Kd7 45. Ra1 Rxd4 46. Rfe1 f6 47. a5 f5 48. e5 dxe5 49. fxe5 Re4 50. Rxe4 fxe4 51. Kg1 Ke6 52. Kf2 Kxe5 53. Ke3 Rb3+ 54. Ke2 Rb2+ 55. Kf1 e3 56. a6 Rb8 57. Ke2 Ke4 58. Ra4+ Ke5 59. Kxe3 Rb3+ 60. Kf2 Rb8 61. a7 Ra8 62. Kf3 Kf5 63. h3 Kg6 64. g4 hxg4+ 65. hxg4 Rf8+ 66. Ke4 Ra8 67. g5 Kxg5 68. Kd5 Kf6 69. Kc6 Ke7 70. Kb7 Kd7 71. Kxa8 Kc7 72. Rc4+ Kb6 73. Kb8 Kb5 74. Rc1 Kb6 75. a8Q Kb5 76. Qb7+ Ka5 77. Ra1# 1-0

[Event "GER-ch U10"]
[Site "Willingen"]
[Date "2009.05.30"]
[Round "1"]
[White "Reimers, Kim"]
[Black "Graf, Clara Victoria"]
[Result "0-1"]
[WhiteElo "901"]
[BlackElo "1255"]
[PlyCount "122"]
[EventDate "2009.05.30"]
[EventType "swiss"]
[EventRounds "11"]
[EventCountry "GER"]
[SourceTitle "EXT 2010"]
[Source "ChessBase"]
[SourceDate "2010.11.25"]
[SourceVersion "1"]
[SourceVersionDate "2010.11.25"]
[SourceQuality "1"]

1. e4 c5 2. Nf3 Nc6 3. d4 cxd4 4. Nxd4 g6 5. Bb5 Bg7 6. Nb3 Nf6 7. Nc3 0-0 8. 0-0 d6 9. Bf4 a6 10. Bd3 d5 11. exd5 Nxd5 12. Nxd5 Qxd5 13. c3 e5 14. Bg3 Rd8 15. Be2 Qxd1 16. Rfxd1 Bf5 17. Bh4 f6 18. g4 Bc2 19. Rd2 Bxb3 20. Rxd8+ Rxd8 21. axb3 Rd2 22. Bc4+ Kf8 23. Rb1 b5 24. Bf1 Na5 25. b4 Nb3 26. h3 Rd6 27. Bg2 Nd2 28. Rc1 e4 29. Bg3 Re6 30. Bf4 Nc4 31. b3 g5 32. Bg3 Nd2 33. Re1 Nxb3 34. Rxe4 Rxe4 35. Bxe4 f5 36. gxf5 Bxc3 37. Bd6+ Kg7 38. Kg2 Kf6 39. Kg3 h5 40. f4 gxf4+ 41. Kxf4 a5 42. bxa5 Nxa5 43. Bc7 Bd2+ 44. Kg3 Nc4 45. Bd8+ Ke5 46. f6 Kxe4 47. Be7 Ne5 48. Kh4 Kf5 49. Kxh5 Bg5 50. f7 Bxe7 51. f8Q+ Bxf8 52. h4 Be7 53. Kh6 b4 54. Kg7 Bxh4 55. Kh6 b3 56. Kh5 b2 57. Kxh4 b1Q 58. Kg3 Qe4 59. Kf2 Kf4 60. Kg1 Kg3 61. Kf1 Nd3 0-1